Máximos reboteadores de la historia de la NBA - Estadísticas

Estadísticas generales
  • Esta prueba ha sido intentada 118 veces
  • La puntuación promedio es 6 de 10
Estadísticas de respuestas
Rebotes Jugador % Correcto
23.924 Wilt Chamberlain
89%
17.440 Kareem Abdul Jabbar
81%
21.620 Bill Russell
70%
15.091 Tim Duncan
67%
14.968 Karl Malone
65%
16.212 Moses Malone
65%
14.627 Dwight Howard
43%
14.662 Kevin Garnett
43%
14.715 Robert Parish
26%
16.279 Elvin Hayes
21%
No se encontraron pruebas coincidentes
Distribución de puntuación
Porcentaje de gente con cada puntuación
Porcentaje por número respondido
Historial de tus puntuaciones
No has intentado esta prueba.